000 00989nam a2200289 i 4500
003 DO-SdBNP
005 20240411074018.0
007 ta
008 210312b2020 dr a|||er|||| 00| j spa d
020 _a9789945807684
040 _aDO-SdBNP
_bspa
_cBNPHU
_erda
082 4 _aRD863.44
_bM385m
_222
100 1 _aMartínez de Macarrulla , Lidia,
_978117
_eautora
245 1 0 _aEn mis andares, con mi alma rebelde /
_cLidia Martínez de Macarrulla ; prólogo, Umberto Baffoni
264 _aSanto Domingo :
_beditor no identificado,
_c2020.
300 _a231 páginas :
_bilustraciones ;
_c22 cm.
336 _2rdacontent
_atexto
_btxt
337 _2rdamedia
_asin mediación
_bn
338 _2rdacarrier
_avolumen
_bnc
490 _aCuentos Sociales
590 _aInventariado, 2021/MFF
650 0 _aCuentos dominicanos
_9176
650 4 _aLiteratura dominicana
_978542
700 _aBaffoni, Umberto,
_eprólogo
_975081
910 _aValidado. Control de calidad MFF
942 _2ddc
_cLBS1
999 _c49555
_d49555